000 00414nam a22001577a 4500
005 20250128120749.0
008 250128b |||||||| |||| 00| 0 eng d
020 _a9780030244346
050 _aHG4026
_bDRI
100 _aBrigham, Eugene F.
245 _aFundamental of financial management
250 _a8th
260 _aNew York
_bThe Dryden Press
_cc1998
300 _axv, 21,21-1;
_bill.;
942 _2lcc
_cBK
_n0
999 _c3145
_d3145